Yo, robot

Kaydedildi:
Detaylı Bibliyografya
Yazar: Asimov, Isaac (Yazar)
Materyal Türü: Kitap
Dil:İspanyolca
Baskı/Yayın Bilgisi: Barcelona, España. Edhasa, 2019
Edisyon:1a. ed
Konular:
Etiketler: Etiketle
Etiket eklenmemiş, İlk siz ekleyin!

MARC

LEADER 00000cam a2200000 a 4500
001 UCC9856
003 CL-VaPUC
005 20230731122142.0
008 191117e20190000sp spa d
999 |c 170953  |d 170951 
020 |a 9788435021340 
040 |c Pontificia Universidad Católica de Valparaíso 
082 0 4 |a 813 ASI 2019  |2 21 
100 |a Asimov, Isaac  |e author  |9 605184 
245 1 0 |a Yo, robot 
250 |a 1a. ed 
260 |a Barcelona, España.  |b Edhasa,  |c 2019 
300 |a 343 páginas 
583 |a last modification  |c 20191117 22:03:00  |k cmena 
650 0 0 |a Novelas estadounidenses  |9 265217 
650 0 0 |a Literatura estadounidense  |9 317168 
650 0 0 |a Ciencia ficción   |9 314542 
650 0 0 |a Robots  |9 263117 
942 |c BK  |2 ddc 
945 |a dcastane  |d 20191117 22:03:00 
952 |0 0  |1 0  |3 erb  |4 0  |6 813_000000000000000_ASI_2019  |7 0  |8 A  |9 495480  |a BIBEDU  |b BIBEDU  |d 2019-10-17  |e 1  |g 31006.00  |i 5565073  |l 4  |o 813 ASI 2019  |p 5565073  |r 2022-10-04  |s 2022-09-27  |v 31006.00  |w 2020-01-06  |y BK  |z Catalogado en:20191117  |k LIT